Catálogo

Perfiles de egresados y áreas de oportunidad de la manufactura poblana / (Registro nro. 58859)

Detalles MARC
000 -LEADER
fixed length control field 00997cam a2200265 i 4500
001 - CONTROL NUMBER
control field 58859
005 - DATE AND TIME OF LATEST TRANSACTION
control field 20230522171641.0
008 - FIXED-LENGTH DATA ELEMENTS--GENERAL INFORMATION
fixed length control field 140415s2003 mx r 000 0 spa d
020 ## - INTERNATIONAL STANDARD BOOK NUMBER
International Standard Book Number 9688637041
040 ## - CATALOGING SOURCE
Original cataloging agency MX-PuUPA
Language of cataloging spa
Description conventions rda
Transcribing agency Mx-PuUPA
Modifying agency Mx-PuUPA
041 ## - LANGUAGE CODE
Language code of text/sound track or separate title spa
082 0# - DEWEY DECIMAL CLASSIFICATION NUMBER
Classification number 378.37097248
Item number MEZ
100 1# - MAIN ENTRY--PERSONAL NAME
Personal name Meza Rojas, Patricia,
Relator term autor
9 (RLIN) 3199
245 10 - TITLE STATEMENT
Title Perfiles de egresados y áreas de oportunidad de la manufactura poblana /
Statement of responsibility, etc. Patricia Meza Rojas.
250 ## - EDITION STATEMENT
Edition statement Primera edición
264 #1 - PRODUCTION, PUBLICATION, DISTRIBUTION, MANUFACTURE, AND COPYRIGHT NOTICE
Place of production, publication, distribution, manufacture Puebla, Pue. :
Name of producer, publisher, distributor, manufacturer Instituto de Ciencias Sociales y Humanidades, Benemérita Universidad Autónoma de Puebla,
Date of production, publication, distribution, manufacture, or copyright notice 2003
300 ## - PHYSICAL DESCRIPTION
Extent 240 páginas :
Other physical details gráficas ;
Dimensions 28 cm.
336 ## - CONTENT TYPE
Content type term texto
Source rdacontent
337 ## - MEDIA TYPE
Media type term sin mediación
Source rdamedia
338 ## - CARRIER TYPE
Carrier type term volumen
Source rdacarrier
650 #4 - SUBJECT ADDED ENTRY--TOPICAL TERM
Topical term or geographic name entry element Habilidades para la vida
Geographic subdivision México
-- Puebla
650 #4 - SUBJECT ADDED ENTRY--TOPICAL TERM
Topical term or geographic name entry element Educación basada en competencias
Geographic subdivision México
-- Puebla
650 #4 - SUBJECT ADDED ENTRY--TOPICAL TERM
Topical term or geographic name entry element Arte de vivir
942 ## - ADDED ENTRY ELEMENTS (KOHA)
Classification part 378.37097248
Item part MEZ
Koha item type Libro
Existencias
Withdrawn status Lost status Source of classification or shelving scheme Damaged status Not for loan Collection code Home library Current library Shelving location Date acquired Source of acquisition Inventory number Total Checkouts Full call number Barcode Date last seen Price effective from Koha item type
    Dewey Decimal Classification   Consulta en sala Puebla Biblioteca Karol Wojtyla Biblioteca Karol Wojtyla Área de silencio 30/01/2017 Compra 151000000000000000072529   378.37097248 MEZ 2003 96941 05/01/2026 30/01/2017 Libro